Marketingový pohľad na značku zamestnávateľa
Silný marketingový aspekt značky zamestnávateľa na Slovensku. Úloha značky zamestnávateľa. Najatraktívnejší zamestnávatelia na Slovensku.
Gespeichert in:
| 1. Verfasser: | |
|---|---|
| Weitere Verfasser: | |
| Format: | Buchkapitel |
| Sprache: | Slowakisch |
| Schlagworte: | |
| Tags: |
Keine Tags, Fügen Sie das erste Tag hinzu!
|
MARC
| LEADER | 00000nla a2200000 4500 | ||
|---|---|---|---|
| 001 | 0239970 | ||
| 005 | 20240502073906.1 | ||
| 041 | 0 | |a slo | |
| 044 | |a SK | ||
| 245 | 1 | 0 | |a Marketingový pohľad na značku zamestnávateľa |
| 520 | |a Silný marketingový aspekt značky zamestnávateľa na Slovensku. Úloha značky zamestnávateľa. Najatraktívnejší zamestnávatelia na Slovensku. | ||
| 610 | 2 | 0 | |a značky |
| 610 | 2 | 0 | |a zamestnávatelia |
| 610 | 2 | 0 | |a marketing |
| 610 | 2 | 0 | |a fluktuácia |
| 610 | 2 | 0 | |a Slovensko |
| 100 | 1 | |a Gajdoš, Jozef, 1962-2025 | |
| 700 | 1 | |a Olexová, Cecília, 1976- | |